LIBRARY & INFORMATION CENTRE, KCAET, TAVANUR

ONLINE PUBLIC ACCESS CATALOGUE (OPAC)

DEVELOPMENT AND EVALUATION OF BITTER GOURD PULP EXTRACTOR (Record no. 17729)

MARC details
000 -LEADER
fixed length control field 00479nam a22001577a 4500
003 - CONTROL NUMBER IDENTIFIER
control field OSt
082 ## - DEWEY DECIMAL CLASSIFICATION NUMBER
Classification number 631.7
Item number AIS/DE
088 ## - REPORT NUMBER
Report number 590
100 ## - MAIN ENTRY--AUTHOR NAME
Personal name AISWARYA VINODKUMAR
-- ARUN K CHITAN
-- GOPIKA GOPI
-- SAFA KT
-- VISMAYA V
245 ## - TITLE STATEMENT
Title DEVELOPMENT AND EVALUATION OF BITTER GOURD PULP EXTRACTOR
260 ## - PUBLICATION, DISTRIBUTION, ETC. (IMPRINT)
Place of publication TAVANUR
Name of publisher DEPARTMENT OF PROCESSING AND FOOD ENGINEERING
Year of publication 2023
300 ## - PHYSICAL DESCRIPTION
Number of Pages 81
700 ## - ADDED ENTRY--PERSONAL NAME
Personal name Rajesh G K (Guide)
700 ## - ADDED ENTRY--PERSONAL NAME
Personal name Anjaly M.G (Guide)
942 ## - ADDED ENTRY ELEMENTS (KOHA)
Koha item type Project Report
Holdings
Collection code Home library Current library Full call number Accession Number Koha item type
Reference KAUAET KAUAET 631.7 AIS/DE P 590 Project Report
free website counter